GeoJournal of Tourism and Geosites

Gespeichert in:
Bibliographische Detailangaben
Format: Schriftenreihe
Sprache:Englisch
Veröffentlicht: Oradea Oradea Editura Universităţii din Oradea
Tags: Tag hinzufügen
Keine Tags, Fügen Sie das erste Tag hinzu!

MARC

LEADER 00000nas1a2200000 4500
001 0256337
005 20250701092120.3
022 |a 2065-0817 
022 |a 2065-1198 
041 0 |a eng 
044 |a RO 
245 1 0 |a GeoJournal of Tourism and Geosites 
264 1 |a Oradea  |b Oradea Editura Universităţii din Oradea